00417 2200157 4500001002100000005001500021020002200036035002000058082000800078084001400086100002600100245007600126260003400202300001100236990001200247INLIS00000000000181320250506113120 a978-979-027-095-1 a0010-0525000105 a600 a600 SAM m0 aSampaguita Syafrezani1 aManfaat Tumbuhan Bunga Penghias Pekarangan /cIr. Sampaguita Syafrezani aBandung :bTitian Ilmu,c2007 a84 hlm a0754744